El evangelio según San Mateo: 1-13

Guardat en:
Dades bibliogràfiques
Autor principal: Gomá Civit, Isidro (Autor)
Format: Llibre
Idioma:espanyol
Publicat: Madrid Marova 1966
Col·lecció:Comentario al Nuevo Testamento, 3
Matèries:
Etiquetes: Afegir etiqueta
Sense etiquetes, Sigues el primer a etiquetar aquest registre!

MARC

LEADER 00000nam a2200000 a 4500
001 UCL1794
003 CL-VaPUC
008 030926e19660000SP |||||||||||||||||spa|d
082 0 4 |a 226.2  |b GOM  |2 21 
100 |a Gomá Civit, Isidro  |e author  |9 589643 
245 1 3 |a El evangelio según San Mateo: 1-13 
300 |a 774 p 
942 |c BK 
945 |d 20030926 00:00:00  |a vberengu 
260 |a Madrid  |b Marova  |c 1966 
650 0 |a Evangelios  |9 314864 
650 0 |a Evangelistas  |9 315131 
583 |a last modification  |c 20170404 11:14:23  |k Rodrigo Vera 
490 0 |a Comentario al Nuevo Testamento, 3 
999 |c 305234  |d 305232 
952 |0 0  |1 0  |4 0  |6 226_200000000000000_GOM_1966  |7 0  |8 A  |9 368356  |a BIBTEO  |b BIBTEO  |d 2019-11-21  |i 2078678  |o 226.2 GOM 1966  |p 2078678  |r 2025-01-17  |w 2019-11-21  |y BK  |k ICR